U. S. scientists and engineers : 1986

সংরক্ষণ করুন:
গ্রন্থ-পঞ্জীর বিবরন
বিন্যাস: গ্রন্থ
ভাষা:Undetermined
প্রকাশিত: Washington National Science Foundation 1986
বিষয়গুলি:
ট্যাগগুলো: ট্যাগ যুক্ত করুন
কোনো ট্যাগ নেই, প্রথমজন হিসাবে ট্যাগ করুন!
Thư viện lưu trữ: Trung tâm Học liệu Trường Đại học Cần Thơ
LEADER 00496nam a2200181Ia 4500
001 CTU_98123
008 210402s9999 xx 000 0 und d
082 |a 331.11 
082 |b U84/1986 
245 0 |a U. S. scientists and engineers : 
245 0 |b 1986 
260 |a Washington 
260 |b National Science Foundation 
260 |c 1986 
650 |a Scientists,Engineers 
650 |z United States,United States 
904 |i Truc 
980 |a Trung tâm Học liệu Trường Đại học Cần Thơ